MARC

LEADER 00000nam0a2200000 4500
001 362019
005 20231102011440.0
035 |a (RuTPU)RU\TPU\retro\19365 
090 |a 362019 
100 |a 20210712d1979 m y0rusy50 ca 
101 0 |a rus 
102 |a RU 
105 |a a j 001zy 
200 1 |a Теплотехника. Конвекция. Излучение  |e учебное пособие  |h Ч. 2  |f В. И. Лобанов, А. С. Телегин, Ф. Р. Шкляр [и др.]  |g Уральский политехнический институт им. С. М. Кирова 
210 |a Свердловск  |c Издание УПИ  |d 1979 
215 |a 73 с.  |c ил. 
320 |a Библиогр.: с. 72 
606 1 |a Теплотехника общая  |2 stltpush  |3 (RuTPU)RU\TPU\subj\59808  |9 77306 
606 1 |a Конвекция  |2 stltpush  |3 (RuTPU)RU\TPU\subj\15246  |9 41504 
610 1 |a конвективный теплообмен 
610 1 |a теплообмен излучением 
610 1 |a тепловое излучение 
610 1 |a природа 
610 1 |a понятия 
610 1 |a определения 
610 1 |a законы 
610 1 |a поверхности 
610 1 |a лучистый теплообмен 
610 1 |a газы 
610 1 |a пары 
610 1 |a учебные пособия 
675 |a 621.1(075.8)  |v 4 
675 |a 536.25(075.8)  |v 4 
701 1 |a Лобанов  |b В. И.  |g Владимир Иванович 
701 1 |a Телегин  |b А. С.  |g Александр Семенович 
701 1 |a Шкляр  |b Ф. Р.  |g Фридрих Рувимович 
701 1 |a Юрьев  |b Б. П.  |g Борис Петрович 
701 1 |a Ярошенко  |b Ю. Г.  |g Юрий Гаврилович 
712 0 2 |a Уральский политехнический институт им. С. М. Кирова  |c (Свердловск)  |c (1948-1992)  |2 stltpush  |3 (RuTPU)RU\TPU\col\1982  |9 23638 
801 1 |a RU  |b 63413507  |c 20210712 
801 2 |a RU  |b 63413507  |c 20210712  |g RCR 
942 |c BK